[Event "15th Vandoeuvre Open 2019"]
[Site "Vandoeuvre-les-Nancy"]
[Date "2019.01.04"]
[Round "5"]
[White "Fretel, Liza"]
[Black "Mostefa Kara, Camil"]
[Result "1-0"]
[WhiteElo "1855"]
[BlackElo "1940"]
[Annotator "NA"]
[PlyCount "167"]
[EventDate "2019.01.02"]
[EventType "swiss"]
[EventCountry "FRA"]
[SourceTitle "playchess.com"]
[Source "ChessBase"]
[SourceQuality "1"]
[TimeControl "5400+30"]

1. e4 {[%emt 1:30:30]} c5 {[%emt 0:00:00]} 2. Nc3 {[%emt 0:00:30]} Nc6 {[%emt 1:31:00]} 3. g3 {[%emt 0:00:00]} g6 4. Bg2 {[%emt 0:00:00]} Bg7 5. d3 {[%emt 0:00:00]} d6 {[%emt 0:00:00]} 6. Be3 e6 {[%emt 0:02:00]} 7. Qd2 {[%emt 0:02:30]} Nd4 {[%emt 0:00:30]} 8. Nd1 {[%emt 0:00:30]} Nc6 {[%emt 0:00:30]} 9. a3 {[%emt 0:00:30]} Qc7 {[%emt 0:00:30]} 10. Rb1 {[%emt 0:00:30]} b6 {[%emt 0:00:30]} 11. b4 {[%emt 0:00:30]} Rb8 {[%emt 0:00:30]} 12. b5 {[%emt 0:00:30]} Nce7 {[%emt 0:00:30]} 13. f4 {[%emt 0:00:30]} Bb7 {[%emt 0:00:00]} 14. Nf3 {[%emt 0:00:30]} Nf6 {[%emt 0:01:00]} 15. h3 {[%emt 0:00:30]} Nd7 {[%emt 0:00:30]} 16. O-O {[%emt 0:00:00]} O-O 17. c4 {[%emt 0:00:00]} Rfd8 18. Qc2 {[%emt 0:00:00]} d5 19. g4 {[%emt 0:02:00]} Nf8 {[%emt 0:02:00]} 20. Kh1 {[%emt 0:00:30]} f5 {[%emt 0:00:30]} 21. e5 {[%emt 0:00:30]} dxc4 {[%emt 0:00:30]} 22. dxc4 {[%emt 0:00:30]} Be4 {[%emt 0:00:30]} 23. Qc1 {[%emt 0:00:30]} Bxb1 {[%emt 0:00:00]} 24. Qxb1 {[%emt 0:00:00]} Qd7 {[%emt 0:01:00]} 25. Nf2 {[%emt 0:01:00]} Qc7 {[%emt 0:00:00]} 26. g5 {[%emt 0:00:30]} Rd7 {[%emt 0:00:00]} 27. Nd3 Rbd8 {[%emt 0:01:30]} 28. Rd1 {[%emt 0:00:00]} Qc8 {[%emt 0:00:30]} 29. Nfe1 {[%emt 0:01:30]} Kf7 {[%emt 0:00:30]} 30. Kh2 {[%emt 0:00:30]} Qc7 {[%emt 0:00:30]} 31. Qb2 {[%emt 0:00:30]} h6 {[%emt 0:00:00]} 32. h4 {[%emt 0:00:30]} hxg5 {[%emt 0:00:00]} 33. hxg5 {[%emt 0:00:00]} Nh7 {[%emt 0:00:00]} 34. Qc3 {[%emt 0:01:00]} Rh8 {[%emt 0:00:00]} 35. Kg3 {[%emt 0:00:30]} Rhd8 {[%emt 0:02:30]} 36. a4 {[%emt 0:00:30]} Nf8 {[%emt 0:00:30]} 37. Kf2 {[%emt 0:00:30]} Nh7 {[%emt 0:00:00]} 38. Ke2 {[%emt 0:00:30]} Nf8 {[%emt 0:00:00]} 39. Rd2 {[%emt 0:00:30]} Qc8 {[%emt 0:00:14]} 40. Kd1 {[%emt 0:00:00]} Qc7 {[%emt 0:00:34]} 41. Kc2 {[%emt 0:00:00]} Qc8 {[%emt 0:00:13]} 42. Kb3 {[%emt 0:00:00]} Qc7 {[%emt 0:01:59]} 43. Kc2 {[%emt 0:00:00]} Qc8 {[%emt 0:00:30]} 44. Rd1 {[%emt 0:02:30]} Qc7 {[%emt 0:00:30]} 45. Ra1 {[%emt 0:00:30]} Rc8 {[%emt 0:00:30]} 46. a5 {[%emt 0:00:30]} Qd8 {[%emt 0:00:30]} 47. axb6 {[%emt 0:00:30]} axb6 {[%emt 0:00:30]} 48. Ra6 {[%emt 0:00:30]} Rd4 {[%emt 0:00:30]} 49. Ra7 {[%emt 0:00:30]} Rd7 {[%emt 0:00:00]} 50. Qa3 Rd4 {[%emt 0:01:00]} 51. Bxd4 {[%emt 0:01:00]} Qxd4 {[%emt 0:00:00]} 52. Kb3 {[%emt 0:00:00]} Rd8 {[%emt 0:01:00]} 53. Rb7 {[%emt 0:01:00]} Qe3 {[%emt 0:00:30]} 54. Bf1 {[%emt 0:00:30]} Rd4 {[%emt 0:00:30]} 55. Qa7 {[%emt 0:00:30]} Nd7 {[%emt 0:00:00]} 56. Rxd7 {[%emt 0:00:00]} Rxd7 {[%emt 0:00:02]} 57. Qxd7 {[%emt 0:00:00]} Qd2 {[%emt 0:01:28]} 58. Qb7 {[%emt 0:01:30]} Qd1+ {[%emt 0:00:00]} 59. Kb2 {[%emt 0:00:30]} Bf8 {[%emt 0:01:00]} 60. Qxb6 {[%emt 0:00:30]} Qd2+ {[%emt 0:00:00]} 61. Nc2 {[%emt 0:00:00]} Qd1 {[%emt 0:01:00]} 62. Nde1 {[%emt 0:01:00]} Qg4 {[%emt 0:00:30]} 63. Qxc5 {[%emt 0:00:30]} Qxf4 {[%emt 0:00:30]} 64. Bg2 {[%emt 0:00:30]} Bg7 {[%emt 0:00:30]} 65. Nf3 {[%emt 0:00:30]} Qe4 {[%emt 0:00:30]} 66. Qd4 {[%emt 0:00:30]} Qb7 {[%emt 0:00:30]} 67. Nb4 {[%emt 0:00:30]} Qb8 {[%emt 0:00:00]} 68. Kb3 Bh8 {[%emt 0:01:00]} 69. Qd6 {[%emt 0:01:00]} Qb7 {[%emt 0:00:30]} 70. Ne1 {[%emt 0:00:30]} Qa7 {[%emt 0:00:30]} 71. Ned3 {[%emt 0:00:30]} Qg1 {[%emt 0:00:30]} 72. Bc6 {[%emt 0:00:30]} Qb1+ {[%emt 0:00:30]} 73. Nb2 {[%emt 0:00:30]} Qe1 {[%emt 0:00:30]} 74. Qd7 {[%emt 0:00:30]} Bxe5 {[%emt 0:00:30]} 75. Qe8+ {[%emt 0:00:30]} Kg7 {[%emt 0:00:00]} 76. Qxe7+ {[%emt 0:00:00]} Kh8 {[%emt 0:01:00]} 77. N4d3 {[%emt 0:00:00]} Qc3+ {[%emt 0:00:00]} 78. Ka4 {[%emt 0:01:30]} Bd4 {[%emt 0:01:00]} 79. Qxe6 {[%emt 0:00:00]} Qc2+ {[%emt 0:00:00]} 80. Ka3 {[%emt 0:01:00]} Qc3+ {[%emt 0:00:17]} 81. Ka2 {[%emt 0:00:30]} f4 {[%emt 0:00:25]} 82. Qxg6 {[%emt 0:00:30]} Bg7 {[%emt 0:00:41]} 83. Qh5+ {[%emt 0:00:00]} Kg8 {[%emt 0:00:09]} 84. Bd5+ {[%emt 0:00:00]} 1-0

[Event "15th Vandoeuvre Open 2019"]
[Site "Vandoeuvre-les-Nancy"]
[Date "2019.01.04"]
[Round "6"]
[White "Xu, Xiangyu"]
[Black "Harff, Marcel"]
[Result "1-0"]
[WhiteElo "2567"]
[BlackElo "2399"]
[Annotator "TA"]
[PlyCount "112"]
[EventDate "2019.01.02"]
[EventType "swiss"]
[EventCountry "FRA"]
[SourceTitle "playchess.com"]
[Source "ChessBase"]
[SourceQuality "1"]

{[%evp 24,112,1,-6,9,8,8,0,8,16,13,4,7,0,10,25,29,7,18,10,20,0,30,2,9,0,10,1,24,14,20,0,11,6,4,0,0,0,0,0,0,0,0,0,0,0,0,0,0,0,0,0,0,0,0,0,0,0,0,0,0,0,0,0,0,0,0,0,8,0,0,0,629,638,662,643,643,643,2025,453,6390,10090,5564,2870,29962,29965,29968,29969,29971,29972,29973]} 1. Nf3 d5 2. g3 g6 3. Bg2 Bg7 4. d4 Nf6 5. c4 c6 6. cxd5 cxd5 7. Nc3 O-O 8. Ne5 Nbd7 9. O-O e6 10. Bf4 Nxe5 11. Bxe5 Bd7 12. Qb3 Bc6 {D79: Fianchetto Grünfeld: Symmetrical Variation (6 0-0 c6 7 cxd5 cxd5)} 13. Rac1 {LiveBook: 3 Games} (13. Rfc1 Bh6 14. Bxf6 Qxf6 15. e3 Qe7 16. Bf1 Rfc8 17. Bb5 Bf8 18. a3 Bxb5 19. Nxb5 Rc6 20. Nc3 {0-1 (66) Kurnosov,I (2657)-Frolyanov,D (2570) Khanty-Mansiysk 2013}) 13... Qd7 14. e3 Rfc8 {The position is equal.} 15. h4 $146 ({Predecessor:} 15. a3 Ne8 16. Bxg7 Kxg7 17. Qa2 Nd6 18. b3 {½-½ (18) Virtanen,A-Limbach,R Sas van Gent 1988}) 15... Ne4 16. Bxe4 dxe4 17. Bxg7 Kxg7 18. Qd1 h5 19. Qd2 Rd8 20. Rfd1 Qe7 21. Qe2 a6 22. Qc4 Bd5 23. Qc5 Qf6 24. Qc7 Bc6 25. Qe5 Rd7 26. Qxf6+ Kxf6 27. Ne2 Rad8 28. Rc5 Rd5 {...Rxc5 is the strong threat.} 29. Nc3 (29. Rc2 {keeps more tension.} R5d6 30. Kf1 b6 31. Nf4 Bb5+ 32. Ke1) 29... Rxc5 30. dxc5 Rxd1+ 31. Nxd1 $11 {[%mdl 4096] Endgame KB-KN} Bb5 32. Nc3 Bd3 33. b4 Ke7 34. a4 Kd7 35. b5 axb5 36. axb5 f5 37. Kg2 Bc4 38. f3 exf3+ 39. Kxf3 e5 40. Kf2 Ke6 41. Kf3 Bf1 42. Kf2 Bc4 43. Kg2 Bd3 44. Kg1 Bc4 45. Kf2 Bd3 46. Ke1 Bc4 47. Kd2 Kf6 $2 {[%mdl 8192] [#]} (47... Kd7 $11) 48. b6 $1 $18 Be6 {[#]} 49. c6 $1 {[%mdl 512]} Bc8 (49... bxc6 50. b7) 50. c7 g5 51. Ke2 (51. hxg5+ $142 Kxg5 52. Nb5) 51... f4 (51... gxh4 $142 52. gxh4 Bd7) 52. exf4 exf4 53. gxf4 gxh4 54. Nb5 {White mates.} h3 55. Kf2 Bd7 56. Kg3 h4+ {Accuracy: White = 65%, Black = 50%.} 1-0

[Event "15th Vandoeuvre Open 2019"]
[Site "Vandoeuvre-les-Nancy"]
[Date "2019.01.04"]
[Round "6"]
[White "Tilicheev, Viacheslav"]
[Black "Rakotomaharo, Fy Antenaina"]
[Result "1-0"]
[WhiteElo "2507"]
[BlackElo "2425"]
[Annotator "ChessBase"]
[PlyCount "83"]
[EventDate "2019.01.02"]
[EventType "swiss"]
[EventCountry "FRA"]
[SourceTitle "playchess.com"]
[Source "ChessBase"]
[SourceQuality "1"]
[TimeControl "5400+30"]

1. c4 {[%emt 0:00:00]} g6 {[%emt 0:00:35]} 2. Nc3 {[%emt 0:00:00]} c5 {[%emt 0:00:05]} 3. g3 {[%emt 0:01:28]} Nc6 {[%emt 0:00:11]} 4. Bg2 {[%emt 0:00:06]} Bg7 {[%emt 0:00:03]} 5. e3 {[%emt 0:03:24]} d6 {[%emt 0:02:42]} 6. Nge2 {[%emt 0:00:50]} e5 {[%emt 0:00:28]} 7. a3 {[%emt 0:00:45]} Nge7 {[%emt 0:04:48]} 8. Rb1 {[%emt 0:03:34]} a5 {[%emt 0:03:38]} 9. d3 {[%emt 0:07:37]} O-O {[%emt 0:00:32]} 10. O-O {[%emt 0:01:05]} Rb8 {[%emt 0:01:00]} 11. b3 {[%emt 0:07:54]} Be6 {[%emt 0:03:03]} 12. Nd5 {[%emt 0:01:59]} b5 {[%emt 0:09:02]} 13. Bb2 {[%emt 0:01:41]} Qd7 {[%emt 0:01:11]} 14. Qd2 {[%emt 0:01:47]} Bg4 {[%emt 0:27:59]} 15. Rfe1 {[%emt 0:11:47]} Nxd5 {[%emt 0:05:00]} 16. cxd5 {[%emt 0:00:47]} Ne7 {[%emt 0:00:05]} 17. d4 {[%emt 0:04:31]} exd4 {[%emt 0:10:17]} 18. exd4 {[%emt 0:01:00]} c4 {[%emt 0:00:07]} 19. Bc3 {[%emt 0:14:21]} Bxe2 {[%emt 0:09:25]} 20. Rxe2 {[%emt 0:01:51]} Qf5 {[%emt 0:00:33]} 21. Be4 {[%emt 0:14:11]} Qh5 {[%emt 0:00:11]} 22. Kh1 {[%emt 0:00:40]} Bh6 {[%emt 0:02:18]} 23. Qe1 {[%emt 0:01:53]} b4 {[%emt 0:04:03]} 24. axb4 {[%emt 0:00:16]} axb4 {[%emt 0:00:03]} 25. Bxb4 {[%emt 0:00:33]} Rxb4 {[%emt 0:01:01]} 26. g4 {[%emt 0:00:05]} Qxg4 {[%emt 0:00:03]} 27. f3 {[%emt 0:00:11]} Qf4 {[%emt 0:00:20]} 28. Qxb4 {[%emt 0:00:09]} f5 {[%emt 0:00:04]} 29. Bc2 {[%emt 0:01:14]} Qxf3+ {[%emt 0:03:14]} 30. Rg2 {[%emt 0:00:06]} Nxd5 {[%emt 0:00:19]} 31. Qb7 {[%emt 0:02:55]} Rf7 {[%emt 0:01:58]} 32. Qa8+ {[%emt 0:00:12]} Rf8 {[%emt 0:01:12]} 33. Qc6 {[%emt 0:00:23]} Rb8 {[%emt 0:01:20]} 34. Re1 {[%emt 0:17:45]} Rb6 {[%emt 0:07:10]} 35. Qa8+ {[%emt 0:00:00]} Kg7 {[%emt 0:00:05]} 36. Qa7+ {[%emt 0:01:00]} Kg8 {[%emt 0:02:55]} 37. Bd1 {[%emt 0:00:00]} Qc3 {[%emt 0:00:17]} 38. Re8+ {[%emt 0:00:00]} Bf8 {[%emt 0:00:03]} 39. Qa8 {[%emt 0:00:00]} Nf6 {[%emt 0:01:30]} 40. Rxf8+ {[%emt 0:00:00]} Kg7 {[%emt 0:01:10]} 41. Rxf6 {[%emt 0:00:00]} Kxf6 {[%emt 0:00:00]} 42. Qh8+ {[%emt 0:00:00] Kg7 [%clk 0:00:00] Qa8 Rb8 [%clk 0:00:00] Qd5 [%clk 0:00:00] Kf6 Qxd6+ Kg7} 1-0

[Event "15th Vandoeuvre Open 2019"]
[Site "Vandoeuvre-les-Nancy"]
[Date "2019.01.04"]
[Round "6"]
[White "Travadon, Loic"]
[Black "Bauer, Christian"]
[Result "0-1"]
[WhiteElo "2379"]
[BlackElo "2637"]
[Annotator "ChessBase"]
[PlyCount "60"]
[EventDate "2019.01.02"]
[EventType "swiss"]
[EventCountry "FRA"]
[SourceTitle "playchess.com"]
[Source "ChessBase"]
[SourceQuality "1"]
[TimeControl "5400+30"]

1. d4 {[%emt 0:00:00]} Nf6 {[%emt 0:00:00]} 2. Nf3 {[%emt 0:00:00]} d6 {[%emt 0:00:11]} 3. g3 {[%emt 0:00:00]} Nbd7 {[%emt 0:01:06]} 4. Bg2 {[%emt 0:00:05]} e5 {[%emt 0:00:06]} 5. O-O {[%emt 0:00:16]} e4 {[%emt 0:00:41]} 6. Ng5 {[%emt 0:01:05]} d5 {[%emt 0:00:06]} 7. f3 {[%emt 0:00:11]} h6 {[%emt 0:01:05]} 8. Nh3 {[%emt 0:00:05]} exf3 {[%emt 0:03:56]} 9. exf3 {[%emt 0:00:05]} Be7 {[%emt 0:00:08]} 10. Re1 {[%emt 0:01:36]} O-O {[%emt 0:01:01]} 11. Bf4 {[%emt 0:01:03]} Nb6 {[%emt 0:02:02]} 12. Nf2 {[%emt 0:00:26]} Nh5 {[%emt 0:03:40]} 13. Bc1 {[%emt 0:00:39]} Bd6 {[%emt 0:05:58]} 14. Nd3 {[%emt 0:07:04]} Nxg3 {[%emt 0:01:52]} 15. hxg3 {[%emt 0:00:11]} Bxg3 {[%emt 0:00:03]} 16. Bf4 {[%emt 0:00:25]} Bxf4 {[%emt 0:01:31]} 17. Nxf4 {[%emt 0:00:05]} Qh4 {[%emt 0:00:03]} 18. Qc1 {[%emt 0:02:06]} Bf5 {[%emt 0:01:02]} 19. Nc3 {[%emt 0:02:11]} Rae8 {[%emt 0:07:06]} 20. Ncxd5 {[%emt 0:01:29]} Nxd5 {[%emt 0:01:59]} 21. Nxd5 {[%emt 0:00:05]} Rxe1+ {[%emt 0:01:18]} 22. Qxe1 {[%emt 0:00:01]} Qxd4+ {[%emt 0:00:07]} 23. Ne3 {[%emt 0:00:04]} Re8 {[%emt 0:00:07]} 24. Kf2 {[%emt 1:22:48]} Qxb2 {[%emt 0:09:42]} 25. Rb1 {[%emt 0:00:00]} Qf6 {[%emt 0:13:41]} 26. Qb4 {[%emt 0:00:00]} Be6 {[%emt 0:05:12]} 27. Re1 {[%emt 0:00:00]} b6 {[%emt 0:00:55]} 28. Nd5 {[%emt 0:00:00]} Qd8 {[%emt 0:00:43]} 29. Qe4 {[%emt 0:00:00]} f5 {[%emt 0:07:59]} 30. Qe5 {[%emt 0:00:00]} Bf7 {[%emt 0:01:00]} 0-1

[Event "15th Vandoeuvre Open 2019"]
[Site "Vandoeuvre-les-Nancy"]
[Date "2019.01.04"]
[Round "6"]
[White "Daeschler, Florian"]
[Black "Ma, Qun"]
[Result "0-1"]
[WhiteElo "2235"]
[BlackElo "2625"]
[Annotator "ChessBase"]
[PlyCount "106"]
[EventDate "2019.01.02"]
[EventType "swiss"]
[EventCountry "FRA"]
[SourceTitle "playchess.com"]
[Source "ChessBase"]
[SourceQuality "1"]
[TimeControl "5400+30"]

1. d4 {[%emt 0:00:00]} d5 {[%emt 0:01:01]} 2. c4 {[%emt 0:00:00]} e6 {[%emt 0:00:06]} 3. Nf3 {[%emt 0:00:00]} Nf6 {[%emt 0:00:57]} 4. g3 {[%emt 0:00:00]} Bb4+ {[%emt 0:01:54]} 5. Bd2 {[%emt 0:00:04]} Be7 {[%emt 0:00:07]} 6. Bg2 {[%emt 0:00:05]} c6 {[%emt 0:00:25]} 7. Qc2 {[%emt 0:00:37]} O-O {[%emt 0:00:15]} 8. O-O {[%emt 0:00:04]} Nbd7 {[%emt 0:00:30]} 9. Bf4 {[%emt 0:00:06]} Ne4 {[%emt 0:02:03]} 10. Nfd2 {[%emt 0:04:21]} g5 {[%emt 0:02:32]} 11. Be3 {[%emt 0:00:03]} Nd6 {[%emt 0:00:50]} 12. Nc3 {[%emt 0:00:20]} Nf5 {[%emt 0:12:12]} 13. cxd5 {[%emt 0:01:13]} Nxe3 {[%emt 0:00:07]} 14. fxe3 {[%emt 0:00:04]} exd5 {[%emt 0:01:20]} 15. Rad1 {[%emt 0:00:10]} Nb6 {[%emt 0:02:05]} 16. e4 {[%emt 0:05:24]} Be6 {[%emt 0:00:02]} 17. exd5 {[%emt 0:12:57]} cxd5 {[%emt 0:00:14]} 18. e4 {[%emt 0:00:29]} Rc8 {[%emt 0:02:33]} 19. e5 {[%emt 0:03:07]} f6 {[%emt 0:01:47]} 20. Rde1 {[%emt 0:05:01]} f5 {[%emt 0:02:12]} 21. Qb3 {[%emt 0:06:37]} Qd7 {[%emt 0:02:45]} 22. Rf2 {[%emt 0:09:02]} Nc4 {[%emt 0:06:24]} 23. Nf1 {[%emt 0:19:56]} f4 {[%emt 0:00:43]} 24. Qb5 {[%emt 0:01:42]} Qxb5 {[%emt 0:03:18]} 25. Nxb5 {[%emt 0:00:03]} fxg3 {[%emt 0:00:37]} 26. Rxf8+ {[%emt 0:02:13]} Bxf8 {[%emt 0:00:27]} 27. hxg3 {[%emt 0:01:41]} Bb4 {[%emt 0:12:27]} 28. Rc1 {[%emt 0:07:00]} a6 {[%emt 0:01:00]} 29. Na3 {[%emt 0:00:02]} Nxa3 {[%emt 0:00:43]} 30. Rxc8+ {[%emt 0:00:13]} Bxc8 {[%emt 0:00:01]} 31. bxa3 {[%emt 0:01:09]} Bc3 {[%emt 0:00:03]} 32. Bxd5+ {[%emt 0:00:05]} Kf8 {[%emt 0:01:00]} 33. Kg2 {[%emt 0:01:43]} Bxd4 {[%emt 0:00:02]} 34. e6 {[%emt 0:09:38]} Ke7 {[%emt 0:00:02]} 35. Kf3 {[%emt 0:00:48]} Bxe6 {[%emt 0:03:23]} 36. Bxb7 {[%emt 0:00:08]} a5 {[%emt 0:00:08]} 37. Ke4 {[%emt 0:03:27]} Bc5 {[%emt 0:05:29]} 38. a4 {[%emt 0:02:00]} h5 {[%emt 0:03:45]} 39. Nd2 {[%emt 0:02:41]} Bd6 {[%emt 0:01:39]} 40. Nb3 {[%emt 0:03:55]} Bc7 {[%emt 0:01:08]} 41. Nd4 {[%emt 0:00:27]} Bg4 {[%emt 0:04:10]} 42. Nf5+ {[%emt 0:00:46]} Kf6 {[%emt 0:00:01]} 43. Ne3 {[%emt 0:00:07]} Be6 {[%emt 0:00:13]} 44. Nd5+ {[%emt 0:01:25]} Bxd5+ {[%emt 0:00:03]} 45. Bxd5 {[%emt 0:00:03]} g4 {[%emt 0:00:22]} 46. Ke3 {[%emt 0:00:31]} Bxg3 {[%emt 0:00:03]} 47. Ke2 {[%emt 0:00:08]} Kg5 {[%emt 0:00:04]} 48. Kf1 {[%emt 0:00:03]} h4 {[%emt 0:00:07]} 49. Kg2 {[%emt 0:00:13]} Bd6 {[%emt 0:00:03]} 50. Bc6 {[%emt 0:00:27]} h3+ {[%emt 0:00:02]} 51. Kg1 {[%emt 0:00:07]} g3 {[%emt 0:00:06]} 52. a3 {[%emt 0:00:31]} Bxa3 {[%emt 0:00:07]} 53. Bd7 {[%emt 0:00:13]} Bc5+ {[%emt 0:32:53]} 0-1

[Event "15th Vandoeuvre Open 2019"]
[Site "Vandoeuvre-les-Nancy"]
[Date "2019.01.04"]
[Round "6"]
[White "Simon, Edouard"]
[Black "Fretel, Liza"]
[Result "0-1"]
[WhiteElo "1977"]
[BlackElo "1855"]
[Annotator "NA"]
[PlyCount "88"]
[EventDate "2019.01.02"]
[EventType "swiss"]
[EventCountry "FRA"]
[SourceTitle "playchess.com"]
[Source "ChessBase"]
[SourceQuality "1"]
[TimeControl "5400+30"]

1. e4 {[%emt 0:00:00]} c5 {[%emt 0:00:00]} 2. Nc3 Nc6 {[%emt 0:00:01]} 3. f4 e6 {[%emt 1:31:29]} 4. Bb5 {[%emt 1:32:00]} Nd4 {[%emt 0:00:30]} 5. Bd3 {[%emt 0:00:30]} Ne7 {[%emt 0:00:30]} 6. Nf3 {[%emt 0:00:30]} Nec6 {[%emt 0:00:30]} 7. Nxd4 {[%emt 0:00:30]} Nxd4 {[%emt 0:00:00]} 8. Ne2 {[%emt 0:00:00]} Nc6 9. c3 {[%emt 0:01:00]} Qh4+ {[%emt 0:01:30]} 10. g3 {[%emt 0:00:30]} Qh3 {[%emt 0:00:30]} 11. Kf2 {[%emt 0:00:30]} Qh5 {[%emt 0:00:30]} 12. Kg2 {[%emt 0:00:00]} b6 {[%emt 0:00:00]} 13. Re1 {[%emt 0:01:00]} Bb7 {[%emt 0:00:00]} 14. Ng1 {[%emt 0:00:00]} Qxd1 15. Rxd1 f5 {[%emt 0:02:00]} 16. Kf2 {[%emt 0:01:30]} c4 {[%emt 0:00:30]} 17. Bxc4 {[%emt 0:00:00]} fxe4 {[%emt 0:00:00]} 18. d3 Na5 {[%emt 0:01:00]} 19. Bb5 {[%emt 0:01:30]} a6 {[%emt 0:00:30]} 20. Ba4 {[%emt 0:00:30]} exd3 {[%emt 0:00:30]} 21. Rxd3 {[%emt 0:00:00]} b5 {[%emt 0:00:30]} 22. Bd1 {[%emt 0:01:00]} Bc5+ {[%emt 0:00:30]} 23. Be3 {[%emt 0:00:30]} Be4 {[%emt 0:00:30]} 24. Bf3 {[%emt 0:00:30]} Bxd3 {[%emt 0:00:30]} 25. Bxa8 {[%emt 0:00:30]} Bxe3+ {[%emt 0:00:30]} 26. Kxe3 {[%emt 0:00:30]} Bg6 {[%emt 0:00:30]} 27. b4 {[%emt 0:00:30]} Nc4+ {[%emt 0:00:00]} 28. Kd4 {[%emt 0:00:30]} O-O {[%emt 0:01:00]} 29. Bf3 {[%emt 0:00:30]} d6 {[%emt 0:00:30]} 30. Bb7 {[%emt 0:00:30]} Rf5 {[%emt 0:00:30]} 31. Be4 {[%emt 0:00:30]} e5+ {[%emt 0:00:00]} 32. Kd3 Rh5 {[%emt 0:01:00]} 33. Bxg6 {[%emt 0:01:00]} hxg6 {[%emt 0:00:00]} 34. Nf3 {[%emt 0:00:30]} exf4 {[%emt 0:00:00]} 35. gxf4 Rf5 {[%emt 0:01:30]} 36. Nh4 {[%emt 0:01:00]} Rxf4 {[%emt 0:00:00]} 37. Nxg6 {[%emt 0:00:30]} Rf2 {[%emt 0:01:00]} 38. h4 {[%emt 0:00:30]} Kf7 {[%emt 0:00:30]} 39. h5 {[%emt 0:00:30]} Kf6 {[%emt 0:00:30]} 40. a4 {[%emt 0:00:30]} Kf5 {[%emt 0:00:30]} 41. axb5 {[%emt 0:00:30]} axb5 {[%emt 0:00:30]} 42. Ne7+ {[%emt 0:00:30]} Kg4 {[%emt 0:00:30]} 43. Ng6 {[%emt 0:00:00]} Rd2+ {[%emt 0:00:00]} 44. Ke4 {[%emt 0:00:00]} d5# {[%emt 0:01:00]} 0-1

[Event "15th Vandoeuvre Open 2019"]
[Site "Vandoeuvre-les-Nancy"]
[Date "2019.01.04"]
[Round "6"]
[White "Battistella, Valentin"]
[Black "Neyroumande, Adrien"]
[Result "1/2-1/2"]
[WhiteElo "1882"]
[BlackElo "1816"]
[Annotator "NA"]
[PlyCount "118"]
[EventDate "2019.01.02"]
[EventType "swiss"]
[EventCountry "FRA"]
[SourceTitle "playchess.com"]
[Source "ChessBase"]
[SourceQuality "1"]
[TimeControl "5400+30"]

1. e4 {[%emt 1:30:30]} c5 {[%emt 0:00:00]} 2. Nc3 {[%emt 0:00:00]} Nc6 {[%emt 0:00:02]} 3. Bb5 {[%emt 0:01:00]} d6 {[%emt 0:01:23]} 4. Nf3 {[%emt 0:00:30]} Bd7 {[%emt 0:00:59]} 5. O-O {[%emt 0:00:30]} g6 {[%emt 0:00:31]} 6. d4 {[%emt 0:00:30]} cxd4 {[%emt 0:01:32]} 7. Nxd4 {[%emt 0:00:00]} Bg7 {[%emt 0:01:22]} 8. Be3 {[%emt 0:00:00]} Nf6 {[%emt 0:01:28]} 9. Kh1 {[%emt 0:00:00]} O-O {[%emt 1:27:13]} 10. Bc4 {[%emt 0:02:00]} Nxd4 {[%emt 0:00:00]} 11. Bxd4 {[%emt 0:00:00]} a6 {[%emt 0:00:00]} 12. f4 {[%emt 0:00:00]} b5 {[%emt 0:00:00]} 13. Bd3 {[%emt 0:00:00]} Bc6 {[%emt 0:02:00]} 14. a3 {[%emt 0:00:00]} d5 {[%emt 0:00:00]} 15. e5 {[%emt 0:00:00]} Nd7 {[%emt 0:00:00]} 16. Qg4 {[%emt 0:00:00]} e6 {[%emt 0:00:00]} 17. Rae1 {[%emt 0:00:00]} Qe7 {[%emt 0:00:00]} 18. Bf2 {[%emt 0:04:00]} Nc5 {[%emt 0:00:00]} 19. Bh4 {[%emt 0:00:00]} Qb7 {[%emt 0:00:00]} 20. Bf6 {[%emt 0:00:00]} Nxd3 {[%emt 0:00:00]} 21. cxd3 {[%emt 0:00:00]} b4 {[%emt 0:00:00]} 22. Ne2 {[%emt 0:00:00]} bxa3 {[%emt 0:00:00]} 23. Ng3 {[%emt 0:02:30]} d4 {[%emt 0:00:00]} 24. Nh5 {[%emt 0:00:00]} Bxg2+ {[%emt 0:00:00]} 25. Qxg2 {[%emt 0:00:00]} Qxg2+ {[%emt 0:00:00]} 26. Kxg2 {[%emt 0:00:00]} gxh5 {[%emt 0:00:00]} 27. Be7 {[%emt 0:00:10]} Rfb8 {[%emt 0:00:00]} 28. bxa3 {[%emt 0:00:53]} Rb3 {[%emt 0:00:00]} 29. Rd1 {[%emt 0:00:33]} Bf8 {[%emt 0:00:35]} 30. Bxf8 {[%emt 0:00:46]} Kxf8 {[%emt 0:00:06]} 31. Kf3 {[%emt 0:00:05]} Rxa3 {[%emt 0:00:36]} 32. Ke4 {[%emt 0:00:02]} Rd8 {[%emt 0:01:12]} 33. Ra1 {[%emt 0:00:07]} Rxa1 {[%emt 0:02:47]} 34. Rxa1 {[%emt 0:00:01]} Rb8 {[%emt 0:00:02]} 35. Ra2 {[%emt 0:01:31]} Rb4 {[%emt 0:00:57]} 36. h3 {[%emt 0:00:23]} Rb1 {[%emt 0:01:16]} 37. Kf3 {[%emt 0:01:48]} Re1 {[%emt 0:00:42]} 38. Ra3 {[%emt 0:00:08]} Re3+ {[%emt 0:00:54]} 39. Kg2 {[%emt 0:00:06]} Kg7 {[%emt 0:00:26]} 40. h4 {[%emt 0:00:09]} Kg6 {[%emt 0:00:17]} 41. Rxa6 {[%emt 0:00:01]} Rxd3 {[%emt 0:00:18]} 42. Ra7 {[%emt 0:00:06]} Rc3 {[%emt 0:01:32]} 43. Rd7 {[%emt 0:00:13]} d3 {[%emt 0:00:29]} 44. Kf3 {[%emt 0:00:28]} d2+ {[%emt 0:01:17]} 45. Ke4 {[%emt 0:00:01]} Rc2 {[%emt 0:00:56]} 46. Rd8 {[%emt 0:00:14]} Kg7 {[%emt 0:00:22]} 47. Ke3 {[%emt 0:01:31]} Ra2 {[%emt 0:00:29]} 48. Ke4 {[%emt 0:00:11]} Rb2 {[%emt 0:01:10]} 49. Ke3 {[%emt 0:00:07]} Rb1 {[%emt 0:00:11]} 50. Rxd2 {[%emt 0:00:31]} Rh1 {[%emt 0:00:05]} 51. Rg2+ {[%emt 0:00:10]} Kf8 {[%emt 0:00:05]} 52. f5 {[%emt 0:00:57]} exf5 {[%emt 0:01:33]} 53. Kf4 {[%emt 0:00:07]} Rxh4+ {[%emt 0:00:11]} 54. Kxf5 {[%emt 0:00:02]} Ke7 {[%emt 0:00:50]} 55. Ra2 {[%emt 0:00:01]} Rd4 {[%emt 0:00:29]} 56. Ra7+ {[%emt 0:00:25]} Rd7 {[%emt 0:00:24]} 57. Ra4 {[%emt 0:00:20]} Rd1 {[%emt 0:00:32]} 58. Ra7+ {[%emt 0:03:39]} Rd7 {[%emt 0:00:24]} 59. Ra4 {[%emt 0:00:12]} Rd1 {[%emt 0:00:21]} 1/2-1/2